<?xml version="1.0" encoding="UTF-8"?>
<record
    xmlns:xsi="http://www.w3.org/2001/XMLSchema-instance"
    xsi:schemaLocation="http://www.loc.gov/MARC21/slim http://www.loc.gov/standards/marcxml/schema/MARC21slim.xsd"
    xmlns="http://www.loc.gov/MARC21/slim">

  <leader>04030nam a2200577Ia 4500</leader>
  <controlfield tag="001">550</controlfield>
  <controlfield tag="008">241029s9999    xx            000 0 und d</controlfield>
  <datafield tag="010" ind1=" " ind2=" ">
    <subfield code="a">500</subfield>
  </datafield>
  <datafield tag="041" ind1=" " ind2=" ">
    <subfield code="a">Espa&#xF1;ol</subfield>
  </datafield>
  <datafield tag="082" ind1=" " ind2=" ">
    <subfield code="a">NO APLICA</subfield>
  </datafield>
  <datafield tag="245" ind1=" " ind2="0">
    <subfield code="a">Evaluaci&#xF3;n del desempe&#xF1;o docente de los egresados de la Carrera de Educaci&#xF3;n, Menci&#xF3;n Ciencias Sociales, en el Colegio Utesiano de Estudios Integrados CUEI-UTESA del Municipio de Puerto Plata, durante el Primer Cuatrimestre del A&#xF1;o Escolar 2013-2014</subfield>
  </datafield>
  <datafield tag="260" ind1=" " ind2=" ">
    <subfield code="a">Santiago</subfield>
  </datafield>
  <datafield tag="300" ind1=" " ind2=" ">
    <subfield code="a">112</subfield>
  </datafield>
  <datafield tag="520" ind1=" " ind2=" ">
    <subfield code="a">5</subfield>
  </datafield>
  <datafield tag="630" ind1=" " ind2=" ">
    <subfield code="a">Actitud de los Docentes</subfield>
  </datafield>
  <datafield tag="630" ind1=" " ind2=" ">
    <subfield code="a">Calidad Educativa</subfield>
  </datafield>
  <datafield tag="630" ind1=" " ind2=" ">
    <subfield code="a">Competencia Docente</subfield>
  </datafield>
  <datafield tag="630" ind1=" " ind2=" ">
    <subfield code="a">Desempe&#xF1;o Docente</subfield>
  </datafield>
  <datafield tag="630" ind1=" " ind2=" ">
    <subfield code="a">Evaluaci&#xF3;n</subfield>
  </datafield>
  <datafield tag="650" ind1=" " ind2=" ">
    <subfield code="a">Evaluaci&#xF3;n</subfield>
  </datafield>
  <datafield tag="690" ind1=" " ind2=" ">
    <subfield code="a">Copiado sin cambios</subfield>
  </datafield>
  <datafield tag="700" ind1=" " ind2=" ">
    <subfield code="e">asesor</subfield>
    <subfield code="a">Abreu, Anneri Miguelina</subfield>
  </datafield>
  <datafield tag="700" ind1=" " ind2=" ">
    <subfield code="e">autor</subfield>
    <subfield code="a">Dom&#xED;nguez Reynoso, Mar&#xED;a Eunice</subfield>
  </datafield>
  <datafield tag="700" ind1=" " ind2=" ">
    <subfield code="e">autor</subfield>
    <subfield code="a">Francisco Abreu, Marisol</subfield>
  </datafield>
  <datafield tag="901" ind1=" " ind2=" ">
    <subfield code="a">{"1":"Dom&#xED;nguez Reynoso","2":"Francisco Abreu"}</subfield>
    <subfield code="b">{"1":"Mar&#xED;a Eunice","2":"Marisol"}</subfield>
  </datafield>
  <datafield tag="902" ind1=" " ind2=" ">
    <subfield code="a">1</subfield>
  </datafield>
  <datafield tag="903" ind1=" " ind2=" ">
    <subfield code="a">{"1":"Abreu"}</subfield>
    <subfield code="b">{"1":"Anneri Miguelina"}</subfield>
  </datafield>
  <datafield tag="904" ind1=" " ind2=" ">
    <subfield code="a">Mag&#xED;ster en</subfield>
  </datafield>
  <datafield tag="905" ind1=" " ind2=" ">
    <subfield code="a">Ciencias de la Educaci&#xF3;n</subfield>
  </datafield>
  <datafield tag="906" ind1=" " ind2=" ">
    <subfield code="a">1</subfield>
  </datafield>
  <datafield tag="907" ind1=" " ind2=" ">
    <subfield code="a">Menci&#xF3;n en</subfield>
  </datafield>
  <datafield tag="908" ind1=" " ind2=" ">
    <subfield code="a">Administraci&#xF3;n Escolar</subfield>
  </datafield>
  <datafield tag="909" ind1=" " ind2=" ">
    <subfield code="a">Universidad Tecnol&#xF3;gica de Santiago (UTESA), Recinto Santiago</subfield>
  </datafield>
  <datafield tag="910" ind1=" " ind2=" ">
    <subfield code="a">NULL</subfield>
    <subfield code="b">NULL</subfield>
  </datafield>
  <datafield tag="911" ind1=" " ind2=" ">
    <subfield code="a">["1"]</subfield>
  </datafield>
  <datafield tag="912" ind1=" " ind2=" ">
    <subfield code="a">NO APLICA</subfield>
  </datafield>
  <datafield tag="913" ind1=" " ind2=" ">
    <subfield code="a">NULL</subfield>
  </datafield>
  <datafield tag="914" ind1=" " ind2=" ">
    <subfield code="a">01 de Febrero de 2014</subfield>
  </datafield>
  <datafield tag="915" ind1=" " ind2=" ">
    <subfield code="a">07/07/15 11:07</subfield>
  </datafield>
  <datafield tag="916" ind1=" " ind2=" ">
    <subfield code="a">NULL</subfield>
  </datafield>
  <datafield tag="917" ind1=" " ind2=" ">
    <subfield code="a">NULL</subfield>
  </datafield>
  <datafield tag="918" ind1=" " ind2=" ">
    <subfield code="a">NO APLICA</subfield>
  </datafield>
  <datafield tag="919" ind1=" " ind2=" ">
    <subfield code="a">["4","29","35","62","97"]</subfield>
  </datafield>
  <datafield tag="520" ind1=" " ind2=" ">
    <subfield code="a">El objetivo general de este estudio fue evaluar el desempe&#xF1;o docente que tienen los egresados de la carrera de Educaci&#xF3;n, menci&#xF3;n Ciencias Sociales en el Colegio Utesiano de Estudios Integrados CUEI-UTESA del municipio de Puerto Plata.La metodolog&#xED;a utilizada en esta investigaci&#xF3;n fue de tipo descriptivo, documental o bibliogr&#xE1;fico, de campo y transversal, limit&#xE1;ndose al per&#xED;odo agosto - diciembre del a&#xF1;o 2013.En el estudio la poblaci&#xF3;n bajo estudio fue finita y estuvo conformada por las docentes de Ciencias Sociales que laboran en el Colegio Utesiano de Estudios Integrados CUEI - UTESA y los miembros del Equipo de Gesti&#xF3;n. Para la selecci&#xF3;n de la muestra no se utiliz&#xF3; ninguna f&#xF3;rmula, pues la poblaci&#xF3;n estudiada es muy peque&#xF1;a, ya que est&#xE1; compuesta por cinco (5) docentes de Ciencias Sociales y cinco (5) personas que son miembros del Equipo de Gesti&#xF3;n.Las fuentes primarias para la recolecci&#xF3;n de los datos con relaci&#xF3;n al estudio de campo, se llevaron a cabo aplicando la encuesta a trav&#xE9;s de los cuestionarios a las personas objeto de estudio, equivalente al total de la poblaci&#xF3;n.&#xA0;Dentro de las conclusiones m&#xE1;s relevantes que se pudo obtener son las siguientes:&#xA0;El 80% de los miembros del equipo de gesti&#xF3;n expres&#xF3; que los docentes de Ciencias Sociales a veces integran en sus pr&#xE1;cticas pedag&#xF3;gicas los contenidos de Ciencias Sociales con otras &#xE1;reas del conocimiento y cuando practican esta integraci&#xF3;n, logran combinar la asignatura con Lengua Espa&#xF1;ola, Matem&#xE1;tica Ciencias Naturales.&#xA0;En cuanto a las estrategias innovadoras, los docentes utilizan la estrategia global, que construye conocimientos y saberes.Los docentes de Ciencias Sociales consideraron que siempre asignan exposiciones a los alumnos, por lo que los tipos de aprendizaje que logran obtener los alumnos a trav&#xE9;s de las mismas son: significativos, memor&#xED;sticos y para la vida.&#xA0;Adem&#xE1;s, qued&#xF3; evidenciado que los docentes, dentro de las actividades que realizan, asignan investigaciones y motivan a los alumnos a socializar en el aula.Por lo que se les recomend&#xF3; a los docentes de Ciencias Sociales que integren nuevas estrategias innovadoras a su planificaci&#xF3;n para que puedan lograr mejores resultados en los estudiantes con respecto a su desempe&#xF1;o cognoscitivo.</subfield>
  </datafield>
  <datafield tag="921" ind1=" " ind2=" ">
    <subfield code="a">11</subfield>
  </datafield>
  <datafield tag="922" ind1=" " ind2=" ">
    <subfield code="a">11</subfield>
  </datafield>
  <datafield tag="923" ind1=" " ind2=" ">
    <subfield code="a">0</subfield>
  </datafield>
  <datafield tag="924" ind1=" " ind2=" ">
    <subfield code="a">NO APLICA</subfield>
  </datafield>
  <datafield tag="942" ind1=" " ind2=" ">
    <subfield code="c">Tesis</subfield>
  </datafield>
  <datafield tag="999" ind1=" " ind2=" ">
    <subfield code="c">500</subfield>
    <subfield code="d">500</subfield>
  </datafield>
</record>
